[Event "IBCA EU-chT blind 2nd"]
[Site "Calimanesti"]
[Date "2019.10.12"]
[Round "8.4"]
[White "Draganov, Ruslan"]
[Black "Schulz, Gert"]
[Result "1-0"]
[WhiteElo "2152"]
[BlackElo "1982"]
[PlyCount "41"]
[EventDate "2019.10.05"]
[EventType "team-swiss"]
[EventRounds "9"]
[EventCountry "ROU"]
[SourceTitle "CBM 192 Extra"]
[Source "Chessbase"]
[SourceDate "2019.11.06"]
[SourceVersion "1"]
[SourceVersionDate "2019.11.06"]
[SourceQuality "1"]
[WhiteTeam "Russia"]
[BlackTeam "Germany"]
[WhiteTeamCountry "RUS"]
[BlackTeamCountry "GER"]

1. Nf3 c5 2. b3 Nf6 3. Bb2 g6 4. Bxf6 exf6 5. c4 d5 6. cxd5 Qxd5 7. Nc3 Qe6 8. e3 Bd6 9. d4 cxd4 10. Bc4 Qe7 11. Nd5 Qd8 12. Qxd4 Nd7 13. 0-0 0-0 14. Rad1 Be7 15. Qe4 Re8 16. Qf4 Rf8 17. Rd4 Bc5 18. Rd2 Kg7 19. Nc7 Rb8 20. Bxf7 Kxf7 21. Qc4+ 1-0

[Event "IBCA EU-chT blind 2nd"]
[Site "Calimanesti"]
[Date "2019.10.07"]
[Round "3.4"]
[White "Shepelev, Igor"]
[Black "Draganov, Ruslan"]
[Result "0-1"]
[WhiteElo "2088"]
[BlackElo "2152"]
[PlyCount "78"]
[EventDate "2019.10.05"]
[EventType "team-swiss"]
[EventRounds "9"]
[EventCountry "ROU"]
[SourceTitle "CBM 192 Extra"]
[Source "Chessbase"]
[SourceDate "2019.11.06"]
[SourceVersion "1"]
[SourceVersionDate "2019.11.06"]
[SourceQuality "1"]
[WhiteTeam "Ukraine"]
[BlackTeam "Russia"]
[WhiteTeamCountry "UKR"]
[BlackTeamCountry "RUS"]

1. d4 Nf6 2. Nf3 d5 3. g3 e6 4. Bg2 Be7 5. 0-0 0-0 6. c4 dxc4 7. Qc2 a6 8. Qxc4 b5 9. Qc2 Bb7 10. Bd2 Nbd7 11. Ba5 Nb6 12. Nbd2 Rc8 13. b4 Ne8 14. Ne5 Bxg2 15. Kxg2 Nd6 16. Nc6 Qd7 17. Nxe7+ Qxe7 18. Qc5 Qd7 19. Bxb6 cxb6 20. Qe5 Rc2 21. Nf3 Qc6 22. Rfd1 Nc4 23. Qh5 Qe4 24. Re1 Rxe2 25. Rxe2 Qxe2 26. Re1 Qxa2 27. d5 exd5 28. Ng5 Qc2 29. Re8 Qg6 30. Rxf8+ Kxf8 31. Nxh7+ Kg8 32. Qh4 Qe4+ 33. Qxe4 dxe4 34. Ng5 e3 35. f4 a5 36. Nf3 axb4 37. Nd4 Nd2 38. Nxb5 b3 39. Nc3 b2 0-1

[Event "IBCA Wch blind 14th"]
[Site "Cagliari"]
[Date "2019.04.11"]
[Round "6"]
[White "Saltik, Suleyman"]
[Black "Draganov, Ruslan"]
[Result "1/2-1/2"]
[WhiteElo "1652"]
[BlackElo "2162"]
[PlyCount "118"]
[EventDate "2019.04.06"]
[EventType "swiss"]
[EventRounds "9"]
[EventCountry "ITA"]
[SourceTitle "CBM 189 Extra"]
[Source "ChessBase"]
[SourceDate "2019.06.03"]
[SourceVersion "1"]
[SourceVersionDate "2019.06.03"]
[SourceQuality "1"]

1. d4 Nf6 2. Bg5 c5 3. d5 Qb6 4. Bxf6 Qxf6 5. Nc3 a6 6. a4 e5 7. e4 d6 8. h3 g6 9. Nf3 b6 10. Nd2 Nd7 11. Nc4 Rb8 12. Be2 Bg7 13. 0-0 0-0 14. Ne3 Qh4 15. Bd3 Nf6 16. Nc4 Ne8 17. Nd2 f5 18. Qe2 Nc7 19. Ra3 f4 20. f3 Qe7 21. Rb1 a5 22. Nd1 Bd7 23. c3 Ra8 24. b4 axb4 25. cxb4 Rxa4 26. Rxa4 Bxa4 27. Nc3 Bd7 28. bxc5 bxc5 29. Nc4 Ra8 30. Qb2 Bc8 31. Nb6 Rb8 32. Nxc8 Rxc8 33. Qb7 Qd8 34. Rb6 Ne8 35. Bb5 Bf8 36. Bd7 Rc7 37. Be6+ Kg7 38. Qa6 c4 39. Rc6 Qe7 40. Qxc4 Ra7 41. Ra6 Rc7 42. Qd3 Qh4 43. Ra1 Qd8 44. Nb5 Rb7 45. Rb1 Be7 46. Nc3 Rc7 47. Nb5 Rc5 48. Na7 Bh4 49. Nc6 Qc7 50. Qa6 Kh6 51. Qc8 Qxc8 52. Bxc8 Nc7 53. Kf1 Rc3 54. Rb2 Re3 55. Re2 Rb3 56. Ra2 Nb5 57. Rc2 Re3 58. Re2 Ra3 59. Rc2 Re3 1/2-1/2

[Event "IBCA Wch blind 14th"]
[Site "Cagliari"]
[Date "2019.04.08"]
[Round "3"]
[White "Draganov, Ruslan"]
[Black "Nikac, Predrag"]
[Result "0-1"]
[WhiteElo "2162"]
[BlackElo "2297"]
[PlyCount "64"]
[EventDate "2019.04.06"]
[EventType "swiss"]
[EventRounds "9"]
[EventCountry "ITA"]
[SourceTitle "CBM 189 Extra"]
[Source "ChessBase"]
[SourceDate "2019.06.03"]
[SourceVersion "1"]
[SourceVersionDate "2019.06.03"]
[SourceQuality "1"]

1. d4 f5 2. Bf4 Nf6 3. Nc3 c6 4. Qd2 b5 5. Nf3 b4 6. Nd1 Ne4 7. Qe3 d6 8. h4 Nd7 9. Ng5 Ndf6 10. Qb3 Nd5 11. Ne3 Nef6 12. Nxd5 Nxd5 13. e4 fxe4 14. Bb5 Bd7 15. Bd2 Qb6 16. Bc4 e6 17. 0-0-0 Be7 18. Nxe4 0-0 19. Bg5 Rae8 20. Qg3 c5 21. dxc5 dxc5 22. Rhe1 Bb5 23. Bxd5 exd5 24. Rxd5 h6 25. Bxe7 Rxe7 26. Rd6 Qc7 27. f3 Bc6 28. Nxc5 Rxe1+ 29. Qxe1 Qxd6 30. Qxb4 Qf4+ 31. Qxf4 Rxf4 32. Nd3 Rxh4 0-1

[Event "RUS-chT2"]
[Site "Sochi"]
[Date "2018.05.01"]
[Round "1.6"]
[White "Kudelya, Igor"]
[Black "Draganov, Ruslan"]
[Result "1-0"]
[WhiteElo "2341"]
[BlackElo "2159"]
[PlyCount "105"]
[EventDate "2018.05.01"]
[EventType "team-swiss"]
[EventRounds "9"]
[EventCountry "RUS"]
[SourceTitle "CBM 184 Extra"]
[Source "ChessBase"]
[SourceDate "2018.06.28"]
[SourceVersion "1"]
[SourceVersionDate "2018.06.28"]
[SourceQuality "1"]
[WhiteTeam "Auditing company SiViSi"]
[BlackTeam "Smolensk Region VOS"]
[WhiteTeamCountry "RUS"]
[BlackTeamCountry "RUS"]

1. g3 d5 2. Bg2 Nf6 3. d3 e5 4. Nf3 Bd6 5. 0-0 0-0 6. c3 Qe7 7. Qc2 Bg4 8. Bg5 Nbd7 9. h3 Bxf3 10. Bxf3 h6 11. Bxf6 Nxf6 12. Nd2 c6 13. Bg2 Rad8 14. a4 Qe6 15. a5 a6 16. Qb3 Rd7 17. Ra4 Bc5 18. Kh2 Qd6 19. Rh4 Nh7 20. e3 g5 21. Ra4 Kh8 22. d4 exd4 23. exd4 Ba7 24. Nf3 f6 25. c4 dxc4 26. Rxc4 Re8 27. Rb4 Ree7 28. Rd1 Nf8 29. Rd2 Qc7 30. Ra4 Rd5 31. Qc3 Kg7 32. Ne1 Rd8 33. Nc2 Qd7 34. Rb4 f5 35. Ne3 f4 36. Ng4 Qf5 37. d5+ Kh7 38. Rxb7 fxg3+ 39. fxg3 Rxb7 40. Be4 Qxe4 41. Nf6+ Kg6 42. Nxe4 Rf7 43. Qxc6+ Kg7 44. Qc3+ Kg6 45. h4 Nd7 46. Kh3 Bb8 47. Qc6+ Nf6 48. Rf2 Be5 49. hxg5 hxg5 50. Qe6 g4+ 51. Kg2 Bd4 52. Qf5+ Kg7 53. Qg5+ 1-0

[Event "Krasnoyarsk-ch"]
[Site "Krasnoyarsk"]
[Date "2017.02.06"]
[Round "6"]
[White "Draganov, Ruslan"]
[Black "Grigorian, Marine"]
[Result "0-1"]
[WhiteElo "2185"]
[BlackElo "2141"]
[PlyCount "70"]
[EventDate "2017.02.01"]
[EventType "swiss"]
[EventRounds "9"]
[EventCountry "RUS"]
[SourceTitle "CBM 176 Extra"]
[Source "ChessBase"]
[SourceDate "2017.03.02"]
[SourceVersion "1"]
[SourceVersionDate "2017.03.02"]
[SourceQuality "1"]

1. d4 d6 2. e4 Nf6 3. Nc3 e5 4. dxe5 dxe5 5. Qxd8+ Kxd8 6. Bc4 Be6 7. Bxe6 fxe6 8. Bg5 Bd6 9. Nge2 Ke7 10. 0-0-0 h6 11. Bh4 g5 12. Bg3 Nbd7 13. f3 a6 14. h4 Bc5 15. Kb1 Raf8 16. Nc1 Nh5 17. Be1 Nf4 18. hxg5 hxg5 19. Rxh8 Rxh8 20. g3 Ng2 21. Bd2 Be3 22. Bxe3 Nxe3 23. Re1 Nc4 24. Re2 Rf8 25. a4 Rxf3 26. Rg2 Nc5 27. Ka2 Ne3 28. Rh2 Rxg3 29. b4 Nd7 30. Rh7+ Kd6 31. Kb2 Nc4+ 32. Kb1 Nd2+ 33. Kb2 Nf6 34. Rf7 Nfxe4 35. N3e2 Nc4+ 0-1

[Event "RUS-chT blitz"]
[Site "Sochi"]
[Date "2015.05.10"]
[Round "4.19"]
[White "Predke, Alexandr"]
[Black "Draganov, Ruslan"]
[Result "1-0"]
[WhiteElo "2533"]
[BlackElo "2195"]
[PlyCount "91"]
[EventDate "2015.05.10"]
[EventType "team-swiss (blitz)"]
[EventRounds "11"]
[EventCountry "RUS"]
[SourceTitle "CBM 166 Extra"]
[Source "ChessBase"]
[SourceDate "2015.06.18"]
[SourceVersion "1"]
[SourceVersionDate "2015.06.18"]
[SourceQuality "1"]
[WhiteTeam "Samara Ladya"]
[BlackTeam "Smolensk Region VOS"]
[WhiteTeamCountry "RUS"]
[BlackTeamCountry "RUS"]

1. e4 c5 2. Nf3 e6 3. d4 cxd4 4. Nxd4 a6 5. Bd3 b5 6. 0-0 Qc7 7. a4 b4 8. a5 Nc6 9. Nxc6 dxc6 10. Nd2 e5 11. Nc4 Be6 12. Nb6 Ra7 13. Be3 c5 14. Qe2 Nf6 15. f3 Be7 16. Bxa6 0-0 17. Bc4 Bd7 18. Rfd1 Bc6 19. Bb5 h6 20. Bxc6 Qxc6 21. Qc4 Rc7 22. b3 Rb8 23. Qe2 Ra7 24. Nc4 Qe6 25. Rd2 Kh7 26. Rad1 Rc7 27. g3 Rc6 28. Kg2 Rc7 29. Bf2 Ra8 30. Rd3 Raa7 31. g4 Ne8 32. Bg3 f6 33. f4 exf4 34. Bxf4 Rd7 35. Qf3 Nd6 36. Bxd6 Bxd6 37. Rxd6 Rxd6 38. Rxd6 Qe8 39. Qf5+ Kh8 40. a6 Re7 41. Kf3 Ra7 42. h4 Ra8 43. h5 Qb8 44. Qd5 Qc8 45. a7 Qc7 46. Qxa8+ 1-0

[Event "RUS-chT blitz"]
[Site "Sochi"]
[Date "2015.05.10"]
[Round "7.35"]
[White "Talanin, Andrei"]
[Black "Draganov, Ruslan"]
[Result "1-0"]
[WhiteElo "2279"]
[BlackElo "2195"]
[PlyCount "79"]
[EventDate "2015.05.10"]
[EventType "team-swiss (blitz)"]
[EventRounds "11"]
[EventCountry "RUS"]
[SourceTitle "CBM 166 Extra"]
[Source "ChessBase"]
[SourceDate "2015.06.18"]
[SourceVersion "1"]
[SourceVersionDate "2015.06.18"]
[SourceQuality "1"]
[WhiteTeam "Kstovo Volga"]
[BlackTeam "Smolensk Region VOS"]
[WhiteTeamCountry "RUS"]
[BlackTeamCountry "RUS"]

1. d4 Nf6 2. Nf3 d5 3. c4 c6 4. g3 e6 5. Bg2 dxc4 6. Ne5 Bb4+ 7. Bd2 Qxd4 8. Bxb4 Qxe5 9. Ba3 c5 10. Qa4+ Bd7 11. Qxc4 Nc6 12. Qxc5 Qxc5 13. Bxc5 0-0-0 14. 0-0 b6 15. Ba3 Nd5 16. b3 Kb7 17. Bb2 f6 18. Nd2 Rc8 19. Ne4 Rc7 20. Rad1 Ndb4 21. a3 Nd5 22. Nd6+ Kb8 23. h4 Na5 24. b4 Nc4 25. Nxc4 Rxc4 26. e4 Rc2 27. Ba1 Bb5 28. exd5 Bxf1 29. Bxf1 exd5 30. Rxd5 Rc1 31. Bd4 Re8 32. Kg2 Ree1 33. Ba6 Rg1+ 34. Kf3 Kc7 35. Be3 Rc3 36. Ke2 Rxa3 37. Bf4+ Kc6 38. Rd6+ Kc7 39. Rd3+ Kc6 40. Rxa3 1-0

[Event "RUS-chT2"]
[Site "Sochi"]
[Date "2015.05.05"]
[Round "5.9"]
[White "Draganov, Ruslan"]
[Black "Bimiev, Ahmad"]
[Result "1-0"]
[WhiteElo "2195"]
[BlackElo "2075"]
[PlyCount "93"]
[EventDate "2015.05.01"]
[EventType "team-swiss"]
[EventRounds "7"]
[EventCountry "RUS"]
[SourceTitle "CBM 166 Extra"]
[Source "ChessBase"]
[SourceDate "2015.06.18"]
[SourceVersion "1"]
[SourceVersionDate "2015.06.18"]
[SourceQuality "1"]
[WhiteTeam "Smolensk Region VOS"]
[BlackTeam "Chechen Republic"]
[WhiteTeamCountry "RUS"]
[BlackTeamCountry "RUS"]

1. d4 Nf6 2. Nf3 g6 3. c4 Bg7 4. Nc3 d5 5. cxd5 Nxd5 6. Bd2 Nb6 7. e3 0-0 8. Be2 Be6 9. 0-0 Bc4 10. Rc1 Nc6 11. Ne4 Bxe2 12. Qxe2 e6 13. Nc5 Qc8 14. b4 Nd7 15. b5 Ne7 16. e4 Nxc5 17. Rxc5 Qd7 18. Rfc1 Rfc8 19. Bg5 f6 20. Be3 c6 21. Bf4 g5 22. Bg3 g4 23. Nh4 Qxd4 24. Qxg4 f5 25. Qg5 Qf6 26. Qxf6 Bxf6 27. bxc6 Rxc6 28. exf5 Rxc5 29. Rxc5 Bxh4 30. Bxh4 Nxf5 31. Bg5 Rf8 32. g4 Ng7 33. Be7 Rf4 34. Rc8+ Kf7 35. Rf8+ Kxe7 36. Rxf4 Ne8 37. g5 Nd6 38. Rh4 a5 39. Rxh7+ Ke8 40. g6 Kf8 41. h4 b5 42. h5 Nf5 43. h6 Kg8 44. Ra7 Nxh6 45. Rxa5 Kg7 46. Rxb5 Kxg6 47. a4 1-0

[Event "RUS-chT2"]
[Site "Sochi"]
[Date "2015.05.04"]
[Round "4.7"]
[White "Oganian, Miran"]
[Black "Draganov, Ruslan"]
[Result "1-0"]
[WhiteElo "2371"]
[BlackElo "2195"]
[PlyCount "109"]
[EventDate "2015.05.01"]
[EventType "team-swiss"]
[EventRounds "7"]
[EventCountry "RUS"]
[SourceTitle "CBM 166 Extra"]
[Source "ChessBase"]
[SourceDate "2015.06.18"]
[SourceVersion "1"]
[SourceVersionDate "2015.06.18"]
[SourceQuality "1"]
[WhiteTeam "Krasnodar region"]
[BlackTeam "Smolensk Region VOS"]
[WhiteTeamCountry "RUS"]
[BlackTeamCountry "RUS"]

1. d4 d5 2. c4 c6 3. Nf3 dxc4 4. e3 Be6 5. a4 g6 6. Na3 Nf6 7. Bxc4 Bd5 8. Qb3 Qb6 9. Bxd5 Nxd5 10. Nd2 Nd7 11. Nac4 Qxb3 12. Nxb3 Bg7 13. Nba5 Nb4 14. Ke2 b6 15. Nb3 0-0 16. Bd2 Na6 17. Rhd1 Rfd8 18. Bc3 c5 19. Rac1 Rac8 20. d5 Bxc3 21. bxc3 f5 22. d6 e6 23. f3 Nab8 24. e4 Nc6 25. h3 Kf7 26. Ke3 Nce5 27. Nbd2 f4+ 28. Kxf4 Nd3+ 29. Ke3 Nxc1 30. Rxc1 e5 31. f4 Ke6 32. g3 a6 33. Nf3 b5 34. axb5 axb5 35. Ncxe5 Nxe5 36. fxe5 h6 37. Rd1 g5 38. Rd5 Rd7 39. g4 Ra7 40. h4 gxh4 41. Nxh4 Rg7 42. Kf4 h5 43. g5 Rf7+ 44. Ke3 b4 45. g6 Rf1 46. cxb4 Re1+ 47. Kf4 c4 48. d7 Rf8+ 49. Nf5 Rf1+ 50. Kg5 R1xf5+ 51. exf5+ Kxd5 52. g7 Rd8 53. Kf6 c3 54. e6 c2 55. e7 1-0

[Event "RUS-chT2"]
[Site "Sochi"]
[Date "2015.05.02"]
[Round "2.4"]
[White "Sarana, Alexey"]
[Black "Draganov, Ruslan"]
[Result "1-0"]
[WhiteElo "2461"]
[BlackElo "2195"]
[PlyCount "81"]
[EventDate "2015.05.01"]
[EventType "team-swiss"]
[EventRounds "7"]
[EventCountry "RUS"]
[SourceTitle "CBM 166 Extra"]
[Source "ChessBase"]
[SourceDate "2015.06.18"]
[SourceVersion "1"]
[SourceVersionDate "2015.06.18"]
[SourceQuality "1"]
[WhiteTeam "Moscow Region"]
[BlackTeam "Smolensk Region VOS"]
[WhiteTeamCountry "RUS"]
[BlackTeamCountry "RUS"]

1. d4 Nf6 2. Nf3 e6 3. c4 b6 4. g3 Bb7 5. Bg2 d6 6. 0-0 Be7 7. Nc3 Nbd7 8. Qc2 0-0 9. e4 g6 10. Ne1 e5 11. d5 Nh5 12. Nd3 Bf6 13. Be3 Nc5 14. f4 exf4 15. gxf4 Nxd3 16. Qxd3 a5 17. Rae1 Bc8 18. Nb5 Bxb2 19. Nd4 Bxd4 20. Bxd4 Rb8 21. Qd2 f6 22. e5 f5 23. Bf3 Ng7 24. Bc3 Ba6 25. Qd4 Rf7 26. Be2 Qh4 27. e6 Re7 28. Bd3 Rf8 29. Re3 Bb7 30. Rg3 Bc8 31. Be2 c5 32. Qd3 Rb7 33. Rg5 Ne8 34. Qe3 Qh6 35. Rf3 Rf6 36. Bd1 Qf8 37. Ba4 Ng7 38. Bb2 Qe7 39. Qc3 Rf8 40. h4 Rc7 41. h5 1-0

[Event "Abakan op"]
[Site "Abakan"]
[Date "2013.12.06"]
[Round "7"]
[White "Tikhomirov, Alexey"]
[Black "Draganov, Ruslan"]
[Result "1-0"]
[WhiteElo "2231"]
[BlackElo "2177"]
[PlyCount "69"]
[EventDate "2013.11.30"]
[EventType "swiss"]
[EventRounds "9"]
[EventCountry "RUS"]
[SourceTitle "EXT 2015"]
[Source "ChessBase"]
[SourceDate "2014.11.20"]
[SourceVersion "1"]
[SourceVersionDate "2014.11.20"]
[SourceQuality "1"]

1. Nf3 c5 2. g3 Nc6 3. Bg2 Nf6 4. d3 d5 5. Nbd2 e5 6. e4 dxe4 7. dxe4 Bg4 8. h3 Bh5 9. c3 Qd3 10. Bf1 Bxf3 11. Bxd3 Bxd1 12. Kxd1 0-0-0 13. Ke2 a6 14. a4 Ne8 15. Nb3 Nb8 16. Be3 Nd7 17. Rhd1 Bd6 18. a5 Kb8 19. f3 Rc8 20. Bc4 Rf8 21. Rd2 Ndf6 22. Rad1 Be7 23. g4 h6 24. Bf2 Rc6 25. Bg3 Bd6 26. Nc1 g5 27. Nd3 Nd7 28. Bd5 Rc7 29. b3 Nef6 30. Nb2 b5 31. axb6 Nxb6 32. Bc4 Ne8 33. Rxd6 Nxd6 34. Rxd6 Nxc4 35. Nxc4 1-0

[Event "IBCA Wch blind Gr1"]
[Site "Zaragoza"]
[Date "2013.06.18"]
[Round "7"]
[White "Draganov, Ruslan"]
[Black "Pohlers, Juergen"]
[Result "1/2-1/2"]
[WhiteElo "2176"]
[BlackElo "1986"]
[PlyCount "67"]
[EventDate "2013.06.12"]
[EventType "swiss"]
[EventRounds "7"]
[EventCountry "ESP"]
[SourceTitle "EXT 2014"]
[Source "ChessBase"]
[SourceDate "2013.11.20"]
[SourceVersion "1"]
[SourceVersionDate "2013.11.20"]
[SourceQuality "1"]

1. e4 c5 2. Nf3 Nc6 3. Bb5 Nd4 4. Nxd4 cxd4 5. c3 e6 6. 0-0 a6 7. Ba4 b5 8. Bb3 Bb7 9. d3 Bc5 10. Nd2 Ne7 11. Qg4 Ng6 12. Nf3 h5 13. Qg5 Qxg5 14. Bxg5 dxc3 15. bxc3 f6 16. Bd2 Ne5 17. d4 Nxf3+ 18. gxf3 Bd6 19. Rfb1 Ke7 20. a4 Rhb8 21. axb5 axb5 22. Bd1 Bc6 23. h3 h4 24. Kf1 Rxa1 25. Rxa1 Ra8 26. Rb1 Ra2 27. Ke1 Ba3 28. Ke2 Rb2 29. Rxb2 Bxb2 30. Ke3 d6 31. Kd3 d5 32. Be2 Ba3 33. Ke3 Bd6 34. Bd3 1/2-1/2

[Event "IBCA Wch blind Gr1"]
[Site "Zaragoza"]
[Date "2013.06.17"]
[Round "6"]
[White "Cuellar, Jose Gabriel"]
[Black "Draganov, Ruslan"]
[Result "0-1"]
[WhiteElo "1744"]
[BlackElo "2176"]
[PlyCount "114"]
[EventDate "2013.06.12"]
[EventType "swiss"]
[EventRounds "7"]
[EventCountry "ESP"]
[SourceTitle "EXT 2014"]
[Source "ChessBase"]
[SourceDate "2013.11.20"]
[SourceVersion "1"]
[SourceVersionDate "2013.11.20"]
[SourceQuality "1"]

1. d4 Nf6 2. c3 d5 3. Nf3 e6 4. e3 Bd6 5. Nbd2 Nbd7 6. Bd3 Qe7 7. 0-0 h5 8. Re1 g5 9. Nxg5 Bxh2+ 10. Kxh2 Ng4+ 11. Kg1 Qxg5 12. Nf1 Rg8 13. e4 Qg7 14. e5 Ngxe5 15. g3 Nxd3 16. Qxd3 h4 17. Bf4 c6 18. Re3 Qg4 19. Qh7 Nf8 20. Qh6 Rg6 21. Nh2 Rxh6 22. Nxg4 Rg6 23. Ne5 Rg8 24. Kh2 f6 25. Nf3 hxg3+ 26. fxg3 Ke7 27. Rae1 Bd7 28. Kg2 Ng6 29. Kf2 Rh8 30. Rg1 Rag8 31. Ree1 Nxf4 32. gxf4 Rxg1 33. Rxg1 Be8 34. Rg7+ Bf7 35. Rg2 Rg8 36. Rxg8 Bxg8 37. a3 Bh7 38. Ke3 Kf7 39. Nd2 Bc2 40. Nf3 Kg7 41. Nd2 Kg6 42. Nf3 Kf5 43. Nd2 Kg4 44. Nf3 Kg3 45. Nd2 Bd1 46. c4 b6 47. cxd5 exd5 48. Nb1 Bc2 49. Nd2 c5 50. Nf1+ Kg4 51. Nh2+ Kf5 52. dxc5 bxc5 53. Nf3 Be4 54. Nd2 d4+ 55. Kf2 Bd5 56. Kg3 c4 57. Nf1 Ke4 0-1

[Event "IBCA Wch blind Gr1"]
[Site "Zaragoza"]
[Date "2013.06.13"]
[Round "2"]
[White "Draganov, Ruslan"]
[Black "Soundarya, RS."]
[Result "1-0"]
[WhiteElo "2176"]
[BlackElo "1658"]
[PlyCount "75"]
[EventDate "2013.06.12"]
[EventType "swiss"]
[EventRounds "7"]
[EventCountry "ESP"]
[SourceTitle "EXT 2014"]
[Source "ChessBase"]
[SourceDate "2013.11.20"]
[SourceVersion "1"]
[SourceVersionDate "2013.11.20"]
[SourceQuality "1"]

1. e4 e6 2. d4 d5 3. e5 c5 4. c3 Nc6 5. Nf3 Bd7 6. dxc5 Bxc5 7. b4 Bb6 8. Bd3 Bc7 9. Qe2 a6 10. Bf4 Nge7 11. 0-0 Ng6 12. Bg3 Qb8 13. Re1 0-0 14. Ng5 h6 15. Nf3 Nge7 16. Nbd2 Nf5 17. Nb3 Nxg3 18. hxg3 Bc8 19. g4 f6 20. exf6 Rxf6 21. Nbd4 Bd7 22. Nxc6 Bxc6 23. Ne5 Bb6 24. Rf1 Rxf2 25. Rxf2 Bxf2+ 26. Kxf2 Qa7+ 27. Qe3 Rf8+ 28. Nf3 Qxe3+ 29. Kxe3 g5 30. Ne5 d4+ 31. cxd4 Bxg2 32. Bc4 Rf6 33. Rc1 b5 34. Bd3 Bd5 35. Rc8+ Kg7 36. Rc7+ Kg8 37. Bh7+ Kf8 38. Nd7+ 1-0

[Event "Khakasia-ch"]
[Site "Abakan"]
[Date "2013.02.28"]
[Round "7"]
[White "Draganov, Ruslan"]
[Black "Chaptykov, Tahir"]
[Result "1-0"]
[WhiteElo "2166"]
[BlackElo "2094"]
[PlyCount "65"]
[EventDate "2013.02.22"]
[EventType "swiss"]
[EventRounds "9"]
[EventCountry "RUS"]
[SourceTitle "CBM 153 Extra"]
[Source "ChessBase"]
[SourceDate "2013.04.22"]
[SourceVersion "1"]
[SourceVersionDate "2013.04.22"]
[SourceQuality "1"]

1. e4 c5 2. Nf3 Nc6 3. d4 cxd4 4. Nxd4 Nf6 5. Nc3 e5 6. Ndb5 d6 7. Bg5 a6 8. Na3 b5 9. Nd5 Be7 10. Bxf6 Bxf6 11. c4 b4 12. Qa4 Bd7 13. Nxb4 Nd4 14. Qd1 Qa5 15. Qd2 Rb8 16. Nd3 Qa4 17. Be2 Bd8 18. 0-0 Ba5 19. Qd1 Qc6 20. f3 0-0 21. b3 f5 22. exf5 Bb6 23. Kh1 Nxf5 24. Nc2 Rf6 25. g4 Ne3 26. Ndb4 Nxd1 27. Nxc6 Bxc6 28. Raxd1 e4 29. f4 Bc5 30. Kg2 a5 31. Kg3 a4 32. b4 Bxb4 33. Rb1 1-0

[Event "Khakasia-ch"]
[Site "Abakan"]
[Date "2013.02.27"]
[Round "6"]
[White "Balahchin, Vladimir"]
[Black "Draganov, Ruslan"]
[Result "0-1"]
[WhiteElo "1985"]
[BlackElo "2166"]
[PlyCount "122"]
[EventDate "2013.02.22"]
[EventType "swiss"]
[EventRounds "9"]
[EventCountry "RUS"]
[SourceTitle "CBM 153 Extra"]
[Source "ChessBase"]
[SourceDate "2013.04.22"]
[SourceVersion "1"]
[SourceVersionDate "2013.04.22"]
[SourceQuality "1"]

1. e4 c5 2. c3 d5 3. exd5 Qxd5 4. d4 cxd4 5. Nf3 Bg4 6. Qa4+ Bd7 7. Qxd4 Nf6 8. Bc4 Qxd4 9. cxd4 Nc6 10. 0-0 e6 11. Nc3 Be7 12. d5 exd5 13. Nxd5 Nxd5 14. Bxd5 0-0 15. Bg5 Bxg5 16. Nxg5 h6 17. Ne4 Rfd8 18. Rfd1 Be8 19. Nc5 Rab8 20. Rac1 Kf8 21. Kf1 Rd6 22. Ke1 b6 23. Ne4 Rg6 24. Ng3 Rd8 25. Bxc6 Rxd1+ 26. Kxd1 Bxc6 27. Nf5 Bd7 28. Ne3 Rd6+ 29. Ke1 Be6 30. a3 b5 31. Rc7 a6 32. Ke2 Ke8 33. h4 Kd8 34. Rc3 Ke7 35. g3 f5 36. Rc5 Kf6 37. b4 g5 38. hxg5+ hxg5 39. f4 g4 40. Rc3 Ke7 41. Rc7+ Kf6 42. Rc5 Bd7 43. Nd5+ Ke6 44. Ne3 Kf6 45. Nd5+ Kg7 46. Ne3 Kf6 47. Nd5+ Kg7 48. Ne3 Kg6 49. Nd5 Re6+ 50. Ne3 Bc6 51. Kf2 Be4 52. Nd5 Rd6 53. Nc3 Rd2+ 54. Ke1 Rd3 55. Nxe4 fxe4 56. Rc6+ Kf5 57. Rxa6 Rxg3 58. Ra5 Kxf4 59. Rxb5 Rxa3 60. Rb8 g3 61. Rf8+ Ke3 0-1

[Event "IBCA EU-ch blind 02nd"]
[Site "Krynica"]
[Date "1999.??.??"]
[Round "7"]
[White "Draganov, Ruslan"]
[Black "Heinich, Manfred"]
[Result "1-0"]
[WhiteElo "2205"]
[BlackElo "2180"]
[PlyCount "61"]
[EventDate "1999.07.04"]
[EventType "swiss"]
[EventRounds "9"]
[EventCountry "POL"]
[SourceTitle "EXT 2000"]
[Source "ChessBase"]
[SourceDate "1999.11.16"]
[SourceVersion "1"]
[SourceVersionDate "1999.11.16"]
[SourceQuality "1"]

1. e4 c5 2. Nf3 e6 3. Nc3 Nc6 4. Be2 e5 5. Bc4 d6 6. d3 Be7 7. Nd5 Nf6 8. c3 0-0 9. Nxe7+ Qxe7 10. Bg5 Be6 11. Bd5 Qd7 12. Bxf6 gxf6 13. Nh4 Ne7 14. Qf3 f5 15. Nxf5 Nxf5 16. exf5 Bxd5 17. Qxd5 Qxf5 18. Qxd6 Rad8 19. Qxc5 Qxd3 20. Qe3 Qd5 21. 0-0 Rd6 22. Rfe1 Re8 23. Qxa7 Rg6 24. g3 h5 25. Qa4 Ree6 26. Rad1 Qf3 27. Rd8+ Kg7 28. Qb4 Rg4 29. Qf8+ Kf6 30. Qh8+ Ke7 31. Red1 1-0

[Event "IBCA EU-ch blind 02nd"]
[Site "Krynica"]
[Date "1999.??.??"]
[Round "3"]
[White "Krylov, Sergey"]
[Black "Draganov, Ruslan"]
[Result "0-1"]
[WhiteElo "2340"]
[BlackElo "2205"]
[PlyCount "78"]
[EventDate "1999.07.04"]
[EventType "swiss"]
[EventRounds "9"]
[EventCountry "POL"]
[SourceTitle "EXT 2000"]
[Source "ChessBase"]
[SourceDate "1999.11.16"]
[SourceVersion "1"]
[SourceVersionDate "1999.11.16"]
[SourceQuality "1"]

1. e4 c5 2. Nf3 d6 3. d4 cxd4 4. Nxd4 Nf6 5. Nc3 Nc6 6. Be2 e5 7. Nf3 a6 8. a4 Be7 9. 0-0 h6 10. h3 Be6 11. Re1 Rc8 12. Bf1 Qc7 13. Nd5 Bxd5 14. exd5 Na5 15. b4 Nc4 16. a5 0-0 17. Nh2 b6 18. Ng4 Nxg4 19. hxg4 b5 20. Bd3 Bg5 21. Bf5 Rb8 22. Rb1 Bxc1 23. Qxc1 Qb7 24. Be4 Qe7 25. Qd1 g6 26. Bd3 Rfc8 27. Re4 f5 28. gxf5 gxf5 29. Re1 e4 30. Rb3 Qf6 31. Bxe4 fxe4 32. Rxe4 Ne5 33. Rg3+ Kh7 34. f4 Qf5 35. Qd4 Rb7 36. Qe3 Rc4 37. Rd4 Rxd4 38. Qxd4 Ng6 39. Re3 Qxf4 0-1

[Event "IBCA EU-ch blind 02nd"]
[Site "Krynica"]
[Date "1999.??.??"]
[Round "8"]
[White "Strizhnev, Piotr"]
[Black "Draganov, Ruslan"]
[Result "1-0"]
[WhiteElo "2260"]
[BlackElo "2205"]
[PlyCount "71"]
[EventDate "1999.07.04"]
[EventType "swiss"]
[EventRounds "9"]
[EventCountry "POL"]
[SourceTitle "EXT 2000"]
[Source "ChessBase"]
[SourceDate "1999.11.16"]
[SourceVersion "1"]
[SourceVersionDate "1999.11.16"]
[SourceQuality "1"]

1. g3 c5 2. Bg2 Nc6 3. e4 g6 4. d3 Bg7 5. f4 e6 6. Nf3 d5 7. e5 Nge7 8. 0-0 b6 9. c3 h5 10. Be3 Ba6 11. Bf2 Rc8 12. Na3 Qd7 13. Nc2 Nf5 14. Qe2 0-0 15. h3 Rfd8 16. g4 hxg4 17. hxg4 Nh6 18. Nh2 d4 19. c4 Bxc4 20. Bh4 Ne7 21. dxc4 d3 22. Qd2 dxc2 23. Qxc2 Kf8 24. Rad1 Qe8 25. Rf2 Rc7 26. Rfd2 Rcd7 27. Rd6 Nhg8 28. Qa4 Rxd6 29. exd6 Bd4+ 30. Rxd4 Qxa4 31. dxe7+ Nxe7 32. Rxd8+ Kg7 33. Bxe7 Qxc4 34. g5 Qc1+ 35. Nf1 f5 36. gxf6+ 1-0